Kỹ thuật nuôi trồng thuỷ hải sản

Đã lưu trong:
书目详细资料
格式: 图书
语言:Undetermined
出版: Thanh Hóa Nhà xuất bản Thanh Hóa 2004
主题:
标签: 添加标签
没有标签, 成为第一个标记此记录!
Thư viện lưu trữ: Trung tâm Học liệu Trường Đại học Cần Thơ
LEADER 00525nam a2200181Ia 4500
001 CTU_74474
008 210402s9999 xx 000 0 und d
020 |c 20000 
082 |a 639.6 
082 |b K600 
245 0 |a Kỹ thuật nuôi trồng thuỷ hải sản 
245 0 |c Lê Thị Thuỷ ... [et al.] 
260 |a Thanh Hóa 
260 |b Nhà xuất bản Thanh Hóa 
260 |c 2004 
650 |a Shrimps,Frog, crab,Turtle 
904 |i Năm 
980 |a Trung tâm Học liệu Trường Đại học Cần Thơ